000 00563nam a2200193Ia 4500
008 090124s9999 xx 000 0 und d
020 _a81-7828-032-0
082 _b41292
100 _aपोखरकर प्रशांत
245 _a गोटूल
250 _a1
260 _bप्राजक्ता प्रकाशन
_c2004
300 _a144
600 _aपोखरकर प्रशांत
630 _a गोटूल
700 _aपोखरकर प्रशांत
730 _a गोटूल
942 _cBOOK
999 _c107433
_d107433